• 首页
  • 本馆介绍
  • 公告通知
  • 最新文献
  • 馆藏检索
  • 电子资源
  • 读者导购
  • 参考咨询
  • 我的图书馆
  • 登录
  • 详细信息显示
  • 放入我的书架
  • 预约/预借图书
  • 作者相关作品
  • 分类相关作品
  • 丛书相关作品
  • 出版社相关作品

书目信息

  • 表格格式
  • 工作单格式
  • 卡片格式
题名:
无人驾驶汽车目标跟踪方法研究
    
 
作者: 王飞 著
分册:  
出版信息: 哈尔滨   哈尔滨工业大学出版社  2020.3
页数: 175页
开本: 24cm
丛书名:
单 册:
中图分类: U469.79
科图分类:
主题词: 无人驾驶--汽车--计算机视觉--目标跟踪--研究
电子资源:
ISBN: 978-7-5603-8727-7
000 00946nam0 2200241 45
001 012001001118
005 20140912162151.0
010    @a978-7-5603-8727-7@dCNY58.00
100    @a20210622d2020 em y0chiy50 ea
101 0  @achi
102    @aCN@b230000
105    @aa z 000yy
106    @ar
200 1  @a无人驾驶汽车目标跟踪方法研究@Awu ren jia shi qi che mu biao gen zong fang fa yan jiu@b专著@f王飞著
210    @a哈尔滨@c哈尔滨工业大学出版社@d2020.3
215    @a175页@c图,照片@d24cm
300    @a本书成果及资金来自与河南省高等教育教学改革研究与实践重点项目、河南省高等教育教学改革研究与实践重点项目及安阳市科技攻关项目
330    @a本书主要研究内容包括:无人驾驶车辆体系结构、无人驾驶汽车视觉跟踪算法研究、无人驾驶汽车路径跟踪方法研究等5方面。
606 0  @a无人驾驶@x汽车@x计算机视觉@x目标跟踪@x研究
690    @aU469.79@v5
701  0 @a王飞@Awang fei@4著
801  0 @aCN@bBJSDL@c20211011
905    @b1333116-9@dU469.79@e1031@f4
    
    无人驾驶汽车目标跟踪方法研究/王飞著.-哈尔滨:哈尔滨工业大学出版社,2020.3
    175页:图,照片;24cm
    本书成果及资金来自与河南省高等教育教学改革研究与实践重点项目、河南省高等教育教学改革研究与实践重点项目及安阳市科技攻关项目
    
    ISBN 978-7-5603-8727-7:CNY58.00
    本书主要研究内容包括:无人驾驶车辆体系结构、无人驾驶汽车视觉跟踪算法研究、无人驾驶汽车路径跟踪方法研究等5方面。
●
相关链接 在E读中查询图书 在五车中查询图书 在当当中查询图书 在豆瓣中查询图书


正题名:无人驾驶汽车目标跟踪方法研究     索取号:U469.79/1031         预约/预借

序号 登录号 条形码 馆藏地/架位号 状态 备注
1 1333116   213331161   第二样本阅览室/ [索取号:U469.79/1031] 在馆    
2 1333117   213331170   第三借阅区/ [索取号:U469.79/1031] 在馆    
3 1333118   213331189   第三借阅区/ [索取号:U469.79/1031] 在馆    
4 1333119   213331198   第三借阅区/ [索取号:U469.79/1031] 在馆    
唐山师范学院图书馆 欢迎您!
大连网信软件有限公司© 版权所有